• 首页
  • 本馆介绍
  • 公告通知
  • 最新文献
  • 馆藏检索
  • 电子资源
  • 读者导购
  • 参考咨询
  • 我的图书馆
  • 登录
  • 详细信息显示
  • 放入我的书架
  • 预约/预借图书
  • 作者相关作品
  • 分类相关作品
  • 丛书相关作品
  • 出版社相关作品

书目信息

  • 表格格式
  • 工作单格式
  • 卡片格式
题名:
日常电子小制作
    
 
作者: 中山升 著 ;唐伯雁 , 李大寨 , 高玉苹 译
分册:  
出版信息: 北京   科学出版社  2005
页数: 174页
开本: 24cm
丛书名: 图解趣味电子制作
单 册:
中图分类: TM5
科图分类:
主题词: 电子器件--制作--基本知识 , 电子器件 , 电器
电子资源:
ISBN: 7-03-015376-6
000 00974oam2 2200301 450
001 002969670
005 20061101154037.06
010    @a7-03-015376-6@dCNY25.00
100    @a20050119d2005 em y0chiy0110 ea
101 1  @achi@cjpn
102    @aCN@b110000
105    @aa z 000yy
200 1  @a日常电子小制作@9ri chang dian zi xiao zhi zuo@f(日)中山升著@g唐伯雁,李大寨,高玉苹译
210    @a北京@c科学出版社@d2005
215    @a174页@c图,照片@d24cm
225 2  @a图解趣味电子制作
330    @a本书包括电池及电源相关设备的小制作、与照明装置有关的小制作、家庭测量用品小制作、声音图像相关小制作4章内容。
461  0 @12001 @a图解趣味电子制作
606 0  @a电子器件@x制作@x基本知识
606 0  @a电子器件
606 0  @a电器
690    @aTM5@v4
701  0 @c(日)@a中山升@9zhong shan sheng@4著
702  0 @a唐伯雁@9tang bo yan@4译
702  0 @a李大寨@9li da zhai@4译
702  0 @a高玉苹@9gao yu ping@4译
801  0 @aCN@bNLC@c20061101
905    @a10447@dTM5@e16
    
    日常电子小制作/(日)中山升著/唐伯雁,李大寨,高玉苹译.-北京:科学出版社,2005
    174页:图,照片;24cm.-(图解趣味电子制作)
    
    
    ISBN 7-03-015376-6:CNY25.00
    本书包括电池及电源相关设备的小制作、与照明装置有关的小制作、家庭测量用品小制作、声音图像相关小制作4章内容。
●
相关链接 在E读中查询图书 在五车中查询图书 在当当中查询图书 在豆瓣中查询图书


正题名:日常电子小制作     索取号:TM5/16         预约/预借

序号 登录号 条形码 馆藏地/架位号 状态 备注
1 0387346   203873460   第二样本阅览室/ [索取号:TM5/16] 在馆    
2 0387347   203873479   第三借阅区/ [索取号:TM5/16] 在馆    
3 0387348   203873488   第三借阅区/ [索取号:TM5/16] 在馆    
4 0387349   203873497   第三借阅区/ [索取号:TM5/16] 在馆    
5 0387350   203873503   第三借阅区/ [索取号:TM5/16] 在馆    
唐山师范学院图书馆 欢迎您!
大连网信软件有限公司© 版权所有